000 00568nam a2200229 a 4500
001 nice12345678
003 IN_TiNIC
005 20260116012201.0
008 070702s1958 paka grp 000 0 urd
020 _a
_c100
082 0 0 _a297.86
_bBAR
100 _aBarham, Abdur Rab Kahn
245 _aBalai Damishg Aur Khilafat-E-islamia
260 _aPakistan
_bNo Publisher
_c1958
300 _a196p
500 _aincludes index and biblioraphy
650 _aAhmadiyyah
700 1 _aBarham, Abdur Rab Kahn
902 _bSRS
942 _cBK
999 _c5983
_d5983